000 01223nam a2200325 a 4500
001 BRL_1299
005 20190320211132.0
008 030114t1987----mx-abo####---#000-0#spa-#
020 _a9687153121
041 _aspa
044 _amx
050 4 _aGT625
_b.T45 1987
245 1 0 _aLa tejedora de vida
_bcolección de trajes mexicanos de Banca Serfiìn
_cInformación sobre la indumentaria indígena de Carlota Mapelli Mozzi ; investigación y asesoría general Teresa Castello Yturbide ; realización y diseño Beatrice Trueblood.
260 _aMéxico
_bBanca Serfin
_c1987
300 _a255 p.
_bil., a color, mapas
_c32 cm.
500 _aIncluye índice de ilustraciones, índice de gráficas y mapas y glosario
500 _aAu1541
504 _aBibliografía : p. 244-246
610 2 4 _aBanca Serfín
_99085
650 1 4 _aIndumentaria
_zMéxico
_9808
650 1 4 _aPrendas de vestir
_zMéxico
_924774
650 1 4 _aIndígenas de México
_xClothing
_99086
650 1 4 _aIndian textile fabrics
_zMéxico
_99087
700 1 _aMapelli Mozzi, Carlota
_98349
700 1 _aCastello Yturbide, Teresa
_92444
700 1 _aTrueblood, Beatrice
_9615
710 2 _aBanca Serfín
_99085
902 _aGRL
942 _2lcc
_cB
999 _c10111
_d10111